01505nam a2200349Ia 4500001001200000003000800012006001900020007001500039008004100054020001500095020001500110040002100125035002100146050002500167082002000192245014600212260007100358300002400429504005400453533015200507650003700659650005200696650006600748655002900814700001800843700002700861710005500888710001700943830005200960856012601012999001701138ebr10137753CaPaEBRm u cr cn|||||||||991015s1999 onca sb f000 0 eng d z1552500454 z0889368937 aCaPaEBRcCaPaEBR a(OCoLC)24350053714aLC1090b.N499 1999eb04a378.016097122102aA new world of knowledgeh[electronic resource] :bCanadian universities and globalization /cedited by Sheryl Bond and Jean-Pierre Lemasson. aOttawa, Ont. :bInternational Development Research Centre,cc1999. axii, 294 p. :bill. aIncludes bibliographical references (p. 283-294). aElectronic reproduction.bPalo Alto, Calif. :cebrary,d2009.nAvailable via World Wide Web.nAccess may be limited to ebrary affiliated libraries. 0aInternational educationzCanada. 0aEducation, HigherxAims and objectiveszCanada. 0aUniversities and collegeszCanadaxInternational cooperation. 7aElectronic books.2local1 aBond, Sheryl.1 aLemasson, Jean Pierre.2 aInternational Development Research Centre (Canada)2 aebrary, Inc. 0aCanadian electronic library.pBooks collection.40uhttp://site.ebrary.com/lib/rucke/Doc?id=10137753zAn electronic book accessible through the World Wide Web; click to view c83494d83494